Kraje leżące najdalej od morza lub oceanu - Statystyki

Ogólne statystyki
  • Ten quiz został rozwiązany 255 razy
  • Średni wynik to 14 z 20
Statystyki odpowiedzi
km country % Poprawnych
697 Mongolia
90%
733 Kazachstan
86%
1288 Tadżykistan
83%
1174 Uzbekistan
82%
1589 Kirgistan
80%
510 Nepal
78%
757 Czad
77%
885 Turkmenistan
76%
582 Paragwaj
74%
480 Bhutan
71%
449 Afganistan
68%
587 Niger
68%
556 Republika Środkowoafrykańska
66%
969 Rwanda
59%
597 Zambia
58%
764 Sudan Południowy
57%
452 Botswana
54%
759 Uganda
54%
932 Burundi
53%
477 Burkina Faso
42%
Nie znaleziono quizów pasujących do podanych kryteriów
Rozkład punktacji
Procent ludzi z każdym wynikiem
Percentyl według liczby udzielonych odpowiedzi
Twoja historia wyników
Nie rozwiązałeś tego quizu